La monnaie : de la monnaise stable a la monnaie devaluee
Uloženo v:
| Hlavní autor: | |
|---|---|
| Médium: | Kniha |
| Jazyk: | Undetermined |
| Vydáno: |
Paris
Bibliotheque Francaise
1949
|
| Témata: | |
| Tagy: |
Přidat tag
Žádné tagy, Buďte první, kdo otaguje tento záznam!
|
| Thư viện lưu trữ: | Trung tâm Học liệu Trường Đại học Cần Thơ |
|---|
| LEADER | 00514nam a2200193Ia 4500 | ||
|---|---|---|---|
| 001 | CTU_87002 | ||
| 008 | 210402s9999 xx 000 0 und d | ||
| 082 | |a 332.4 | ||
| 082 | |b S268 | ||
| 100 | |a Savoir, Tout | ||
| 245 | 0 | |a La monnaie : | |
| 245 | 0 | |b de la monnaise stable a la monnaie devaluee | |
| 245 | 0 | |c Tout Savoir | |
| 260 | |a Paris | ||
| 260 | |b Bibliotheque Francaise | ||
| 260 | |c 1949 | ||
| 650 | |a Money,Monetary policy | ||
| 904 | |i Truc | ||
| 980 | |a Trung tâm Học liệu Trường Đại học Cần Thơ | ||